Daleké království
Saved in:
| Main Author | |
|---|---|
| Format | Electronic eBook |
| Language | Czech |
| Published |
Golden Dog
2025
|
| Edition | 1. elektronické vydání |
| Subjects | |
| Online Access | Dostupné v BOOKPORT po přihlášení pomocí eduID |
| ISBN | 978-80-53027-93-9 978-80-53027-94-6 978-80-53027-72-4 |
| Physical Description | 1 online zdroj (348 stran) |
| LEADER | 00000nam a2200000 i 4500 | ||
|---|---|---|---|
| 001 | bkp1035543436 | ||
| 003 | CZ-prgp | ||
| 005 | 20260413161219.0 | ||
| 006 | m o d | ||
| 007 | cr cn | ||
| 008 | 260413s2025 xr o 000 1 cze | ||
| 020 | |a 978-80-53027-93-9 |c 399 Kč |q (online ; pdf) | ||
| 020 | |a 978-80-53027-94-6 |c 399 Kč |q (online ; epub) | ||
| 020 | |a 978-80-53027-72-4 |c 499 Kč |q (print) | ||
| 040 | |a Grada |b cze |e rda | ||
| 100 | 1 | |a Tereza, Kadečková | |
| 245 | 1 | 0 | |a Daleké království |c Kadečková Tereza |
| 250 | |a 1. elektronické vydání | ||
| 264 | 1 | |b Golden Dog |c 2025 | |
| 300 | |a 1 online zdroj (348 stran) | ||
| 336 | |a text |b txt |2 rdacontent | ||
| 337 | |a počítač |b c |2 rdamedia | ||
| 338 | |a online zdroj |b cr |2 rdacarrier | ||
| 520 | 3 | |a Pohádky zná každý - ale co se stane, když se klasické příběhy převypráví pro dospělé a v úplně jiných žánrech? Kráska a zvíře jako sci-fi, Popelka jako současná komedie nebo Jabloňová panna jako historická detektivka. Stejně jako v původních příbězích, i tady najdete nevázaný humor a odhodlání pomoct druhým, ale i vnitřní strádání, nejhorší lidskou špínu a zlo. Někdy nadpřirozených prvků přibývá, jindy mizí úplně. Nečekaným způsobem se mění úhly pohledu a identita hlavních postav. Buďte zvědaví a nechte si vyprávět. Čeká vás sbírka žánrově i tematicky velmi pestrých povídek. | |
| 650 | 0 | 4 | |a Horory |
| 856 | 4 | 0 | |u https://www.bookport.cz/AccountSaml/SignIn/?idp=https://shibboleth.utb.cz/idp/shibboleth&returnUrl=/kniha/daleke-kralovstvi-15964/ |y Dostupné v BOOKPORT po přihlášení pomocí eduID |